| 000 | 00563nam a2200193Ia 4500 | ||
|---|---|---|---|
| 005 | 20230424101654.0 | ||
| 008 | 131103s9999 xx 000 0 und d | ||
| 040 | _aLoreto College | ||
| 041 | _aEnglish | ||
| 082 |
_a338.954 _bSRI |
||
| 245 | 2 |
_aA comparative study of four five - year plans _b a digest _cedited by Pannalal Srivastava |
|
| 260 |
_aCalcutta _bBookland Pvt. Ltd. _c1965 |
||
| 300 |
_a[5],270 p. _b ill.,tables |
||
| 650 | _aEconomic | ||
| 651 | _aIndia - Economic Policy | ||
| 700 | _aSrivastava,Pannalal,ed. | ||
| 850 | _aLCLIB | ||
| 942 | _cBK | ||
| 999 |
_c3501 _d53980 |
||